[Event "Bruges Masters op"]
[Site "Bruges"]
[Date "2023.08.15"]
[Round "5"]
[White "Fischer, Daniel1111"]
[Black "Victor, Julian"]
[Result "0-1"]
[WhiteElo "2352"]
[BlackElo "2107"]
[PlyCount "68"]
[EventDate "2023.08.12"]
[EventType "swiss"]
[EventRounds "9"]
[EventCountry "BEL"]
[SourceTitle "CBM 215 Extra"]
[Source "ChessBase"]
[SourceDate "2023.09.30"]
[SourceVersion "1"]
[SourceVersionDate "2023.09.30"]
[SourceQuality "1"]

1. e4 c6 2. d4 d5 3. e5 Bf5 4. Nf3 e6 5. Be2 Nd7 6. 0-0 a5 7. a4 f6 8. c4 Bb4 9. Nc3 Ne7 10. Na2 fxe5 11. Nxb4 e4 12. Nxc6 Nxc6 13. Ne1 Qf6 14. Be3 Nb4 15. Nc2 Nd3 16. cxd5 exd5 17. Bxd3 exd3 18. Ne1 Qg6 19. Ra3 0-0 20. Nxd3 Bh3 21. Ne1 Rae8 22. Qd3 Bf5 23. Qb5 Nb6 24. b3 h5 25. Qxa5 h4 26. Qd2 Re6 27. Ra1 Nc8 28. Rc1 Nd6 29. Qa5 Bh3 30. Qd2 Bxg2 31. Nxg2 h3 32. Bg5 Ne4 33. Nh4 Qh5 34. Qe3 Nxg5 0-1

[Event "Pontevedra op-A 10th"]
[Site "Pontevedra"]
[Date "2022.07.27"]
[Round "5"]
[White "Alvarez Dominguez, Breixo Jesus"]
[Black "Victor, Julian"]
[Result "0-1"]
[WhiteElo "2026"]
[BlackElo "1944"]
[PlyCount "34"]
[EventDate "2022.07.24"]
[EventType "swiss"]
[EventRounds "9"]
[EventCountry "ESP"]
[SourceTitle "EXT 2023"]
[Source "ChessBase"]
[SourceDate "2022.10.05"]
[SourceVersion "1"]
[SourceVersionDate "2022.10.05"]
[SourceQuality "1"]

1. d4 Nf6 2. c4 e6 3. Nc3 Bb4 4. Qc2 0-0 5. a3 Bxc3+ 6. Qxc3 d5 7. Bg5 c5 8. e3 h6 9. Bh4 g5 10. Bg3 Ne4 11. Qc2 Qa5+ 12. Kd1 Bd7 13. Nf3 Nc6 14. Nd2 cxd4 15. Nb3 Qd8 16. exd4 Qf6 17. Nc5 Qxd4+ 0-1

[Event "Pontevedra op-A 10th"]
[Site "Pontevedra"]
[Date "2022.07.25"]
[Round "2"]
[White "Vidal del Rio, Diego"]
[Black "Victor, Julian"]
[Result "1-0"]
[WhiteElo "2041"]
[BlackElo "1944"]
[PlyCount "223"]
[EventDate "2022.07.24"]
[EventType "swiss"]
[EventRounds "9"]
[EventCountry "ESP"]
[SourceTitle "EXT 2023"]
[Source "ChessBase"]
[SourceDate "2022.10.05"]
[SourceVersion "1"]
[SourceVersionDate "2022.10.05"]
[SourceQuality "1"]

1. e4 e5 2. Nf3 Nf6 3. Nxe5 d6 4. Nf3 Nxe4 5. d4 d5 6. Be2 Bd6 7. Nc3 Nxc3 8. bxc3 0-0 9. 0-0 c6 10. c4 Be6 11. Rb1 Qd7 12. c5 Be7 13. Ne5 Qc8 14. Bf4 Nd7 15. c3 Rd8 16. Qb3 Nxe5 17. Bxe5 Rd7 18. Bd3 Qd8 19. Qc2 h6 20. f4 f6 21. f5 Bf7 22. Bf4 b6 23. cxb6 axb6 24. Qd2 Bd6 25. Rb2 Bxf4 26. Qxf4 b5 27. g4 Qc7 28. Qc1 Re7 29. Rg2 Rae8 30. Rg3 Qa7 31. Qd2 b4 32. h4 bxc3 33. Qxc3 Qxa2 34. g5 Re3 35. Rg2 Qa6 36. Bxa6 Rxc3 37. g6 Re4 38. gxf7+ Kxf7 39. Rb1 Rce3 40. Bc8 Re1+ 41. Rxe1 Rxe1+ 42. Kf2 Re4 43. Be6+ Kf8 44. Kg3 g6 45. Rc2 gxf5 46. Bxf5 Rxd4 47. Rxc6 Kg7 48. Rc7+ Kg8 49. Rh7 Ra4 50. Rxh6 Ra3+ 51. Kg4 Ra4+ 52. Kh5 Rf4 53. Kg6 d4 54. Kxf6 d3 55. Ke5 Rc4 56. Kf6 Rf4 57. Rg6+ Kh8 58. h5 d2 59. Rg1 Rd4 60. Bc2 Rc4 61. Bd1 Rd4 62. Rg2 Rd3 63. Ke5 Rd8 64. Ke4 Rd6 65. Ke3 Rd8 66. Ke2 Rd6 67. Bc2 Rd5 68. Rh2 Kg7 69. h6+ Kh8 70. Rh1 Rd6 71. h7 Rd7 72. Rg1 d1Q+ 73. Bxd1 Rxh7 74. Bc2 Rh3 75. Bd3 Rg3 76. Ra1 Kg7 77. Ra6 Rh3 78. Be4 Rg3 79. Kf2 Rb3 80. Bf3 Rc3 81. Kg3 Rc4 82. Bg4 Rb4 83. Kh4 Rb5 84. Be2 Rd5 85. Kg4 Kh7 86. Bf3 Rb5 87. Be4+ Kg7 88. Bf5 Rb7 89. Kg5 Rc7 90. Rh6 Kg8 91. Be6+ Kg7 92. Rg6+ Kh7 93. Kf6 Ra7 94. Rg1 Kh8 95. Bf7 Ra6+ 96. Ke7 Ra7+ 97. Kf8 Ra8+ 98. Be8 Ra7 99. Rg3 Kh7 100. Rg5 Kh8 101. Bf7 Ra8+ 102. Ke7 Ra7+ 103. Kf6 Ra6+ 104. Be6 Ra7 105. Rh5+ Rh7 106. Ra5 Rh6+ 107. Kf7 Rh7+ 108. Kf8 Rh2 109. Rg5 Kh7 110. Bd7 Rh1 111. Rg7+ Kh8 112. Rg8+ 1-0